Проблеми слов'янознавства (Запис № 572792)
[ простий вигляд ]
| 000 -Лідер | |
|---|---|
| fixed length control field | 00884nas a22002297a 4500 |
| 001 - Контрольний номер | |
| control field | 216222629 |
| 003 - Ідентифікатор контрольного номера | |
| control field | UA-OsUOA |
| 005 - Дата та час останнього входження (трансакції) | |
| control field | 20220725130251.0 |
| 007 - Фіксоване поле фізичного опису | |
| fixed length control field | ta |
| 008 - Елементи даних фіксованої довжини – загальна інформація | |
| fixed length control field | 220725d un |||p| |||| 00| 0 ukr d |
| 040 ## - Джерело каталогізації | |
| Агенція оригінальної каталогізації | UA-OsUOA |
| Мова каталогізації | ukr |
| Агенція, яка здійснювала перезапис | UA-OsUOA |
| Агенція, яка здійснювала модифікацію | UA-OsUOA |
| 041 ## - Код мови | |
| Код мови тексту/ звукової доріжки чи окремого заголовка (П) | ukr |
| 080 ## - Індекс Універсальної десяткової класифікації | |
| Індекс Універсальної десяткової класифікації (УДК) (НП) | 02029494 |
| 090 ## - Локальний шифр розміщення | |
| Класифікаційний індекс УДК | 81 |
| Авторський знак (НП) | П68 |
| 110 ## - Наймення організації – загальна інформація | |
| Найменування колективу або юрисдикції як початковий елемент введення | Львівський державний університет |
| 245 ## - Відомості про назву | |
| Назва (НП) | Проблеми слов'янознавства |
| Решта назви (НП) | республіканський міжвідомчий науковий збірник |
| Дані про відповідальність (НП) | за ред. Д. С. Карпин |
| 260 ## - Публікація, розповсюдження і т.п. (Вихідні дані) | |
| Місце публікації, розповсюдження і т.п. (П) | Львів |
| Ім’я/ наймення видавництва, розповсюджувача і т.п. (П) | Вмща школа |
| 650 ## - Додаткове предметне введення – тематичний термін | |
| Джерело заголовка чи терміна | UDC |
| Тематичний термін чи географічна назва, як елемент введення (НП) | 81 Лінгвістика. Мовознавство. Мови |
| 942 ## - Додаткові елементи входу (Коха) | |
| Source of classification or shelving scheme | Universal Decimal Classification |
| Тип елемента Koha | Журнал |
| Serial record | 1 |
| 962 ## - Рік початку публікації | |
| Рік | 1970 |
| Стан вилучень | Стан втрат | Джерело класифікації або схеми стелажів | Стан уражень | Не для кредиту | Постійне місце розташування | Поточне розміщення | Дата придбання | Послідовне перерахування / хронологія | Усього замовленно | Повний номер виклику | Штрих-код | Дата останнього перегляду | Ціна ефективна від | Тип елемента Koha | Примітка, призначена для загального доступу |
|---|---|---|---|---|---|---|---|---|---|---|---|---|---|---|---|
| Universal Decimal Classification | ВП - Відділ періодики НБ | ВП - Відділ періодики НБ | 25/07/2022 | № 31 | 81 П68 | 216222629 | 25/07/2022 | 25/07/2022 | Номер журналу | Крайчинська Г. В. 2 шт. | |||||
| Universal Decimal Classification | ВП - Відділ періодики НБ | ВП - Відділ періодики НБ | 25/07/2022 | № 35 | 81 П68 | 216222630 | 25/07/2022 | 25/07/2022 | Номер журналу | Крайчинська Г. В. | |||||
| Universal Decimal Classification | ВП - Відділ періодики НБ | ВП - Відділ періодики НБ | 25/07/2022 | № 37 | 81 П68 | 216222631 | 25/07/2022 | 25/07/2022 | Номер журналу | Крайчинська Г. В. | |||||
| Universal Decimal Classification | ВП - Відділ періодики НБ | ВП - Відділ періодики НБ | 25/07/2022 | № 39 | 81 П68 | 216222632 | 25/07/2022 | 25/07/2022 | Номер журналу | Крайчинська Г. В. |